<?xml version="1.0" encoding="UTF-8"?>
<collection xmlns="http://www.loc.gov/MARC21/slim">
 <record>
  <leader>01670nam a2200193Ia 4500</leader>
  <controlfield tag="001">CTU_16682</controlfield>
  <controlfield tag="008">210402s9999    xx            000 0 und d</controlfield>
  <datafield tag="082" ind1=" " ind2=" ">
   <subfield code="a">330</subfield>
  </datafield>
  <datafield tag="082" ind1=" " ind2=" ">
   <subfield code="b">F218/N134</subfield>
  </datafield>
  <datafield tag="100" ind1=" " ind2=" ">
   <subfield code="a">Alexander Sarris</subfield>
  </datafield>
  <datafield tag="245" ind1=" " ind2="0">
   <subfield code="a">FAO economic and social development paper N.134: Rural informal credit markets and the effectiveness of policy reform</subfield>
  </datafield>
  <datafield tag="245" ind1=" " ind2="0">
   <subfield code="c">Alexander Sarris, FAO</subfield>
  </datafield>
  <datafield tag="260" ind1=" " ind2=" ">
   <subfield code="a">Rome</subfield>
  </datafield>
  <datafield tag="260" ind1=" " ind2=" ">
   <subfield code="b">FAO</subfield>
  </datafield>
  <datafield tag="260" ind1=" " ind2=" ">
   <subfield code="c">1996</subfield>
  </datafield>
  <datafield tag="520" ind1=" " ind2=" ">
   <subfield code="a">The study reviews three different strands of literature relevant to the topic. The largely macroeconomic literature on financial libralisation and growth has produced arguments favouring largely unregulated financial markets. This review has been challenged by structuralists who have emphasised the dually between formal and informal financial markets, and have argued that financial liberation policies are stagflationary. The second strand has a microeconomic focus, emphasises the imperfect information aspects of rural financial markets, and has sought to explain several observed phenomena in rural areas that apparently prevent the proper operation of formal financial intermediaries. This literature has emphasised the fact that rural loan transactions appear to have implications for many other rural markets, suach as the labour and product markets. Finaaly the literature on household consumption smoothing and food security strategies has sought to explain how households respond to considerable market and non-market risks in rural areas.</subfield>
  </datafield>
  <datafield tag="650" ind1=" " ind2=" ">
   <subfield code="a">economic development - social aspects</subfield>
  </datafield>
  <datafield tag="904" ind1=" " ind2=" ">
   <subfield code="i">Nguyễn Quang Điền, 970530</subfield>
  </datafield>
  <datafield tag="980" ind1=" " ind2=" ">
   <subfield code="a">Trung tâm Học liệu Trường Đại học Cần Thơ</subfield>
  </datafield>
 </record>
</collection>
